| 000 | 00953cam a22003135a 4500 | ||
|---|---|---|---|
| 001 | 015720070 | ||
| 003 | OSt | ||
| 005 | 20161003153755.0 | ||
| 008 | 101214t2011 nyua fr 001 0 eng d | ||
| 015 |
_aGBB100475 _2bnb |
||
| 016 | 7 |
_a015720070 _2Uk |
|
| 020 | _a9780071756433 (pbk.) | ||
| 020 | _a0071756434 (pbk.) | ||
| 040 |
_aStDuBDS _beng _cStDuBDS _dUk _dEG-ScBUE |
||
| 082 | 0 | 4 |
_a621.3192076 _bOMA _222 |
| 100 | 1 |
_aO'Malley, John R. _941311 |
|
| 245 | 1 | 0 |
_aBasic circuit analysis / _cJohn O'Malley. |
| 246 | 3 | 3 | _aSchaum’s outlines of basic circuit analysis |
| 250 | _a2nd ed. | ||
| 260 |
_aNew York : _bMcGraw-Hill, _cc.2011. |
||
| 300 |
_aix, 419 p. : _bill. ; _c28 cm. |
||
| 490 | 0 | _aSchaum’s outline series | |
| 500 | _aIndex : p. 415-419. | ||
| 650 | 7 |
_aElectric circuit analysis _vProblems, exercises, etc. _2BUEsh _941312 |
|
| 651 | _2BUEsh | ||
| 653 |
_bENGELC _cOctober2016 |
||
| 655 |
_vReading book _934232 |
||
| 942 | _2ddc | ||
| 999 |
_c22446 _d22418 |
||